Účtovanie virtuálnej meny v Slovenskej republike
Popularita kryptomien (virtuálnych mien). Charakteristika a oceňovanie virtuálnej meny. Účtovanie virtuálnej meny. Zdaňovanie virtuálnej meny.
Gespeichert in:
| 1. Verfasser: | |
|---|---|
| Weitere Verfasser: | |
| Format: | Buchkapitel |
| Sprache: | Slowakisch |
| Schlagworte: | |
| Tags: |
Keine Tags, Fügen Sie das erste Tag hinzu!
|
MARC
| LEADER | 00000naa$a2200000$$$4500 | ||
|---|---|---|---|
| 001 | 0249601 | ||
| 005 | 20240502083711.1 | ||
| 041 | 0 | |a slo | |
| 044 | |a CZ | ||
| 245 | 1 | 0 | |a Účtovanie virtuálnej meny v Slovenskej republike |c Anna Šlosárová, Miriama Blahušiaková |
| 520 | |a Popularita kryptomien (virtuálnych mien). Charakteristika a oceňovanie virtuálnej meny. Účtovanie virtuálnej meny. Zdaňovanie virtuálnej meny. | ||
| 610 | 2 | 0 | |a mena virtuálna |
| 610 | 2 | 0 | |a účtovníctvo |
| 610 | 2 | 0 | |a účtovanie |
| 610 | 2 | 0 | |a oceňovanie |
| 610 | 2 | 0 | |a zdaňovanie |
| 610 | 2 | 0 | |a legislatíva |
| 100 | 1 | |a Šlosárová, Anna | |
| 700 | 1 | |a Blahušiaková, Miriama, 1980- | |